| 000 | 00360nam a2200145Ia 4500 | ||
|---|---|---|---|
| 008 | 230312s9999||||xx |||||||||||||| ||und|| | ||
| 020 | _a9780170182393 | ||
| 082 |
_a808.066 _bLIS-B |
||
| 100 | _aLisa emerson | ||
| 245 | 0 | _aWriting guidelines for Business students | |
| 260 |
_bDunmore _aAmerica _c1995 |
||
| 300 | _a128 | ||
| 650 | _aManagement | ||
| 942 | _cBK | ||
| 999 |
_c14655 _d14655 |
||